Learning Resource and Development

Accounting terminology guide : (Record no. 31058)

MARC details
000 -LEADER
fixed length control field 01294nam a2200253 i 4500
003 - CONTROL NUMBER IDENTIFIER
control field CSPC
005 - DATE AND TIME OF LATEST TRANSACTION
control field 20251209111752.0
008 - FIXED-LENGTH DATA ELEMENTS--GENERAL INFORMATION
fixed length control field 251204s2022 a 000 0 eng d
020 ## - INTERNATIONAL STANDARD BOOK NUMBER
International Standard Book Number 9798370978623
040 ## - CATALOGING SOURCE
Original cataloging agency CSPC
Language of cataloging eng
Transcribing agency CSPC
Description conventions rda
082 04 - DEWEY DECIMAL CLASSIFICATION NUMBER
Classification number 657.023
Item number B633a
100 1# - MAIN ENTRY--PERSONAL NAME
Personal name Boettner, Herma,
Relator term author.
245 00 - TITLE STATEMENT
Title Accounting terminology guide :
Remainder of title get a foot in the door of the financial realm /
Statement of responsibility, etc. Herma Boettner.
264 #1 - PRODUCTION, PUBLICATION, DISTRIBUTION, MANUFACTURE, AND COPYRIGHT NOTICE
Place of production, publication, distribution, manufacture [Place of Publication not identified] :
Name of producer, publisher, distributor, manufacturer [Name of Publisher not identified],
Date of production, publication, distribution, manufacture, or copyright notice 2022.
300 ## - PHYSICAL DESCRIPTION
Extent 82 pages :
Other physical details illustrations ;
Dimensions 23 cm.
336 ## - CONTENT TYPE
Source rdacontent
Content type term text
337 ## - MEDIA TYPE
Source rdamedia
Media type term unmediated
338 ## - CARRIER TYPE
Source rdacarrier
Carrier type term volume
505 0# - FORMATTED CONTENTS NOTE
Formatted contents note Introduction to accountancy -- Accounting throughout the ages -- Branches of accountants -- Common types of accounting positions -- More jobs in the market -- Financial services regulation -- Qualifications for aspiring accountants -- The road to employability and credibility -- What it takes to become a certified public accountant -- Landing your first job.
650 #0 - SUBJECT ADDED ENTRY--TOPICAL TERM
Topical term or geographic name entry element Accounting
General subdivision Vocational guidance.
650 #0 - SUBJECT ADDED ENTRY--TOPICAL TERM
Topical term or geographic name entry element Accounting
General subdivision Study and teaching.
942 ## - ADDED ENTRY ELEMENTS (KOHA)
Source of classification or shelving scheme Dewey Decimal Classification
Suppress in OPAC No
Koha item type Books
Classification part 657.023
Item part B633a
Call number prefix CIR
Call number suffix 2022
Holdings
Withdrawn status Lost status Source of classification or shelving scheme Damaged status Not for loan Home library Current library Shelving location Date acquired Total Checkouts Full call number Barcode Date last seen Copy number Price effective from Koha item type
    Dewey Decimal Classification     Main Library Main Library Circulation Section 12/04/2025   CIR 657.023 B633a 2022 030852 12/04/2025 1-1 12/04/2025 Books